Name the stadium - FA Cup Semi-Final Hosts (updated) - Statistics

General Stats
  • This quiz has been taken 192 times
  • The average score is 20 of 42
Answer Stats
Location First Last Matches Answer % Correct
West Midlands 1901 2007 55 Villa Park, Birmingham
93%
North West 1910 2007 23 Old Trafford, Manchester
92%
South East 2008 2024 34 Wembley (new)
91%
South East 1991 2000 7 Wembley (original)
91%
North West 1888 1929 5 Anfield, Liverpool
90%
North West 1896 1985 10 Goodison Park, Liverpool
83%
Yorkshire 1910 1995 10 Elland Road, Leeds
82%
South East 1929 1997 12 Highbury, London
82%
Yorkshire 1912 1997 34 Hillsborough, Sheffield
81%
South East 1902 1988 12 White Hart Lane, London
80%
South East 1910 1978 10 Stamford Bridge, London
79%
North West 1928 1994 18 Maine Road, Manchester
76%
West Midlands 1907 1961 9 St Andrew's, Birmingham
70%
Yorkshire 1889 1938 17 Bramall Lane, Sheffield
61%
East Midlands 1901 1965 5 City Ground, Nottingham
61%
West Midlands 1902 1960 2 The Hawthorns, West Bromwich
61%
North East 1955 1955 1 Roker Park, Sunderland
58%
East Midlands 1928 1962 2 Filbert Street, Leicester
55%
West Midlands 1892 1957 10 Molineux, Wolverhampton
54%
Wales 2005 2005 2 Millennium Stadium, Cardiff
53%
South East 1872 1883 17 Kennington Oval, London
51%
East Midlands 1899 1901 2 Baseball Ground, Derby
48%
West Midlands 1980 1980 1 Highfield Road, Coventry
46%
North West 1893 1947 6 Ewood Park, Blackburn
45%
North West 1899 1970 5 Burnden Park, Bolton
37%
North West 1922 1922 1 Turf Moor, Burnley
33%
East Midlands 1912 1925 2 Meadow Lane, Nottingham
31%
Yorkshire 1932 1951 6 Leeds Road, Huddersfield
29%
West Midlands 1897 1935 7 Victoria Ground, Stoke-on-Trent
28%
South East 1898 1900 2 Crystal Palace, London
25%
North West 1894 1899 2 Fallowfield Stadium, Manchester
19%
North West 1905 1905 1 Hyde Road, Manchester
19%
East Midlands 1885 1895 5 Racecourse Ground, Derby
18%
West Midlands 1884 1886 2 Aston Lower Grounds, Birmingham
17%
West Midlands 1890 1896 2 Wellington Road, Birmingham
16%
East Midlands 1884 1887 3 Trent Bridge, Nottingham
15%
North West 1882 1883 2 Whalley Range, Manchester
15%
North West 1887 1889 3 Alexandra Recreation Ground, Crewe
13%
South East 1900 1900 1 Elm Park, Reading
13%
East Midlands 1893 1896 2 Town Ground, Nottingham
10%
Yorkshire 1882 1882 1 St John's Ground, Huddersfield
9%
Scotland 1885 1885 1 Merchiston Castle School, Edinburgh
8%
No matching quizzes found
Score Distribution
Percent of People with Each Score
Percentile by Number Answered
Your Score History
You have not taken this quiz